Desert puma : Evolutionary ecology and conservation of an enduring carnivore
Sparad:
| Huvudupphovsman: | |
|---|---|
| Materialtyp: | Bok |
| Språk: | Undetermined |
| Publicerad: |
Washington, DC
Island Press
2001
|
| Ämnen: | |
| Taggar: |
Lägg till en tagg
Inga taggar, Lägg till första taggen!
|
| Thư viện lưu trữ: | Trung tâm Học liệu Trường Đại học Cần Thơ |
|---|
| LEADER | 00629nam a2200217Ia 4500 | ||
|---|---|---|---|
| 001 | CTU_129997 | ||
| 008 | 210402s9999 xx 000 0 und d | ||
| 020 | |c 80 | ||
| 082 | |a 599.75 | ||
| 082 | |b L831 | ||
| 100 | |a Logan, Kenneth A. | ||
| 245 | 0 | |a Desert puma : | |
| 245 | 0 | |b Evolutionary ecology and conservation of an enduring carnivore | |
| 245 | 0 | |c Kenneth A. Logan and Linda L. Sweanor. | |
| 260 | |a Washington, DC | ||
| 260 | |b Island Press | ||
| 260 | |c 2001 | ||
| 650 | |a Puma,Desert animals | ||
| 650 | |z New Mexico.,New Mexico. | ||
| 904 | |i Tuyến | ||
| 980 | |a Trung tâm Học liệu Trường Đại học Cần Thơ | ||